00672nam a2200157 a 4500008004100000020001500041050001600056100003100072245004500103246004300148260005600191350000900247995010900256999001700365952013200382120416s0000 ||||||||||||||||| || u a0813906032 aE 332.2 Nic aNichols, Frederick Doveton10aThomas Jefferson, landscape architecture aFrederick Doveton Nichols [and others] aCharlottesvillebUniversity Press of Virginiac1978 a0.00 D0.00FCBU-MAIN LIBRARY (Kitwe)H1I0.00M1UAVAILABLEWOct 11, 2006ZMain Library Open Access Collection c59865d59865 00102lcc4070a001b001cMain Library Open Access Collectiond2022-11-30l0oE 332.2 Nicp026959r2022-11-30w2022-11-30y002